PBC Logo Quiz - Statistics

General Stats
  • This quiz has been taken 3 times
  • The average score is 3 of 11
Answer Stats
Picture Answer % Correct
North Georgia
100%
Flagler
67%
Georgia College
33%
Georgia Southwestern
33%
Lander
33%
Middle Georgia
33%
Augusta
0%
Clayton State
0%
Columbus State
0%
USC Aiken
0%
USC Beaufort
0%
No matching quizzes found
Score Distribution
Percent of People with Each Score
Percentile by Number Answered
Your Score History
You have not taken this quiz